000 00733nam a2200277Ia 4500
003 OSt
005 20221006143413.0
006 a|||||r|||| 00| 0
007 ta
008 221006b |||||||| |||| 00| 0 eng d
020 _c300.00
024 _a8,867
037 _cTextual
040 _aEASL
_cEASL
_beng
041 _2eng
_aeng
082 _aX.1.N87, M9
100 _aMcCormick B. J.
_9128658
245 0 _aWorld economy
_b Patterns of growth and change
260 _aNew Delhi
_bHeritage Publishers India
_c1989
300 _a309p.
_ccm.
490 _v Oth
650 _a Gen
650 _aEconomic conditions
942 _hX.1.N87, M9
_cTEXL
_2CC
999 _c1076953
_d1076953